| 000 | 00608nam a22001817a 4500 | ||
|---|---|---|---|
| 999 |
_c175710 _d175710 |
||
| 005 | 20200921145302.0 | ||
| 010 | _aENG-128446 | ||
| 020 |
_c125.00 _a9788194369950 |
||
| 035 | _aEN-111978 | ||
| 037 | _bDBAD/PUB | ||
| 082 | _a881 | ||
| 100 | _aTejaswani, Kadavakollu | ||
| 245 |
_aAutumn Leaves/ _cby Kadavakollu Tejaswani |
||
| 260 |
_aNew Delhi _bEducational Publishing House _c2019 |
||
| 270 |
_aH.O, D1/16 Ansari Road, Darya Ganj, _bNew Delhi _e110002 _k45678285, 23214465, 23216162 _mephindia@gmail.com, info@ephbooks.com |
||
| 300 |
_a95p. _c22cm(pbk) |
||
| 942 |
_2ddc _cEN _h881 _mTEJ |
||